LEADER 01031nam a2200229 i 4500 001 000000231035 003 CaOOAMICUS 005 20231027125318.0 008 140704s1737 ne u000 u lat u 040 $aSeMil$bita 245 10$aTomus 2. 300 $aP. 545-1232, [64] p. 500 $aFondo Bidoglio 500 $aSegn.: ?²(-?²) ³Z-?A? 500 $aVignetta calcogr. sul front. 773 0 $tLiber Jobi cum nova versione ad hebraeum fontem et commentario perpetuo in quo veterum & recensiorum interpretum cogitata praecipua expenduntur: genuinus sensus ad priscum linguae genium indagatur, ... Curavit et edidit. Albertus Schultens. Tomus 1. [-2.].$dLugduni Batavorum : Apud Johannem Luzac, 1737 (Lugduni Batavorum : Typis Isaaci Van der Mijn, 1737)$g2$w()30117 850 $aSeMil 852 $aSeMil$W1$xVenegono$y1$m2W IV 59 FA$j181381$B181381$CSeMilBibl$Z2$F192251 $8I 941 1 $a2 961 $aLascito: Bidoglio don Maurizio 996 $6245$aTomus 2$9(OLS)http://semarc/title/93022 LEADER 01232nam a2200217 i 4500 001 000000092472 003 CaOOAMICUS 005 20160129000000.0 008 160129s1881 it u000 u ita u 013 $a64714 040 $aSeMil$bita 245 13$aIl giubileo sacerdotale di Sua Eccellenza Reverendissima Monsignor Luigi Nazari di Calabiana arcivescovo di Milano celebrato il 28 e 29 maggio 1881 :$bmemorie raccolte e pubblicate a cura della Commissione promotrice. 260 $aMilano :$bDitta Serafino Majocchi,$c1881. 300 $a140 p. ;$c24 cm. 500 $aDalla biblioteca del Card. Colombo. 650 4$aNazari di Calabiana, Luigi - Celebrazioni.$0(OLS)http://semarc/subject/16743 850 $aSeMil 852 $aSeMil$W1$xVenegono$y1$m3H IV 109 FA$j55360$B55360$CSeMilBibl$Z2$F60073 $8I 961 $aLascito: Colombo Card. Giovanni 996 $6245$aIl giubileo sacerdotale di Sua Eccellenza Reverendissima Monsignor Luigi Nazari di Calabiana arcivescovo di Milano celebrato il 28 e 29 maggio 1881 :$bmemorie raccolte e pubblicate a cura della Commissione promotrice$9(OLS)http://semarc/title/138642 996 $6260$aMilano :$bDitta Serafino Majocchi$9(OLS)http://semarc/publisher/43986